|
|
|
|
| LEADER |
01367nam a2200301 a 4500 |
| 001 |
13978002 |
| 003 |
BD-DhAAL |
| 008 |
100502s1994 dk ab bb 000 0 eng d |
| 010 |
|
|
|a 2003334303
|
| 040 |
|
|
|a DLC
|c DLC
|d BD-DhAAL
|
| 082 |
0 |
0 |
|a 363.3/49365492
|2 21
|
| 245 |
0 |
0 |
|a Flood management model.
|b final report,
|n Volume I : main report /
|
| 246 |
1 |
|
|i At head of title :
|a FAP 25: Flood modelling and management
|
| 260 |
|
|
|a Dhaka :
|b Danish Hydraulic Institute in association with Euroconsult, BCEOM,
|c 1994-
|
| 300 |
|
|
|a iv,1 v.p. :
|b ill., col. maps ;
|c 30 cm.
|
| 362 |
0 |
|
|a Vol.I
|
| 500 |
|
|
|a "Government of the People's Republic of Bangladesh, Flood Plan Coordination Organisation"--Cover.
|
| 500 |
|
|
|a "Donors Denmark, France, the Netherlands"--Cover.
|
| 504 |
|
|
|a Includes bibliographical references (p. [r1]-r2).
|
| 505 |
1 |
|
|a 1.Final report
|
| 541 |
1 |
|
|e 00012748
|
| 650 |
|
0 |
|a Flood control
|z Bangladesh.
|
| 710 |
2 |
|
|a Flood Plan Coordination Organization (Bangladesh)
|9 39928
|
| 710 |
2 |
|
|a Dansk hydraulisk institut.
|9 39929
|
| 852 |
4 |
|
|a Ayesha Abed Library
|j General shelf
|
| 942 |
|
|
|2 ddc
|c BK
|
| 999 |
|
|
|c 8362
|d 8362
|
| 952 |
|
|
|0 0
|1 0
|2 ddc
|4 0
|6 363_349365492000000_FLO
|7 0
|8 RPT
|9 9695
|a BRACUL
|b BRACUL
|c GEN
|d 2010-05-04
|l 0
|o 363.349365492 FLO
|p 3010012748
|r 2010-05-04
|t 1
|w 2010-05-04
|y BK
|x Koha Inventory 2020 ; Previously missing book recovered on 17 September 2025
|